000 00701am a2200277a 44500
003 AR-BaBNM
005 20251128211123.0
008 122120s2000 #AR|||||||||||000 | esp||
020 _a950-808-265-8
040 _cAR-BaBNM
100 1 _aBustelo, Eduardo S.
245 1 0 _aDe otra manera
_bensayos sobre política social y equidad
260 _aRosario
_bHomo Sapiens Ediciones
_c2000
300 _a306 p.
650 4 _aPOBREZA
650 4 _aPROBLEMAS SOCIALES
650 4 _aCIUDADANIA
650 4 _aONGs
650 4 _aPOLITICA SOCIAL
650 4 _aPLANIFICACION SOCIAL
650 4 _aDEMOCRACIA
651 4 _aAmérica Latina
653 _aEQUIDAD
942 _cBK
998 _cmariana
999 _c18322
_d18322